<?xml version="1.0" encoding="UTF-8"?>
<marc:record xmlns:marc="http://www.loc.gov/MARC21/slim">
   <marc:leader>00000nam a2200000 a 4500</marc:leader>
   <marc:datafield ind1="1" ind2=" " tag="100">
      <marc:subfield code="a">Moser, Annette</marc:subfield>
      <marc:subfield code="4">aut</marc:subfield>
      <marc:subfield code="e">Verfasser/-in</marc:subfield>
   </marc:datafield>
   <marc:datafield ind1=" " ind2=" " tag="653">
      <marc:subfield code="a">ab 4</marc:subfield>
   </marc:datafield>
   <marc:datafield ind1="0" ind2="0" tag="245">
      <marc:subfield code="a">Grumpf vom Sumpf</marc:subfield>
   </marc:datafield>
   <marc:datafield ind1=" " ind2="1" tag="264">
      <marc:subfield code="b">Carlsen</marc:subfield>
      <marc:subfield code="c">2025</marc:subfield>
   </marc:datafield>
   <marc:datafield ind1="1" ind2=" " tag="520">
      <marc:subfield code="a">Er ist Chef im grünbrauntrüben Schlickschlack-Sumpf! Hier macht Grumpf Bachplatscher, dass die Matsche spritzt. Er chillt und lauscht dem Froschgequake, dem Stechmückensurren oder den Blubbertönen aus den Tiefen des Sumpfes. Bis eines Tages das Unglaubliche passiert: Die Schmuddler, die für die schöne Matschbrühe sorgen, wollen Grumpf ärgern und hören auf zu schmuddeln! Der Sumpf ist mit einem Mal ganz eklig sauer. Das Wasser glitzert widerlich - und statt seine Zehn in Schlick zu baden, muss Grumpf sie in den klaren See tunken, bäh!</marc:subfield>
   </marc:datafield>
   <marc:datafield ind1=" " ind2=" " tag="020">
      <marc:subfield code="a">9783551522269</marc:subfield>
      <marc:subfield code="9">9783551522269</marc:subfield>
   </marc:datafield>
</marc:record>
